000
00328 a2200133 4500
000
nam a22 7a 4500
005
20260211124054.0
020
_a
9781032677866
100
_a
Gulick, Denny; Ford, Jeff
_9
1115172
245
_a
Encounters with Chaos and Fractals
250
_a
3
260
_b
CRC Press
_c
2024
942
_c
TEXL
999
_c
1679289
_d
1679289